[Hans Henning Hahn und Robert Traba (Hrsg.): Deutsch-Polnische Erinnerungsorte, Bd. 3: Parallelen. Paderborn u. a. 2012]
| Titel: | [Hans Henning Hahn und Robert Traba (Hrsg.): Deutsch-Polnische Erinnerungsorte, Bd. 3: Parallelen. Paderborn u. a. 2012] / Walter Koschmal |
|---|---|
| Verfasser: | |
| In: |
Zeitschrift für slavische Philologie, Band 70, Heft 1 (2014), Seite 218-223 alle Artikel anzeigen |
| Veröffentlicht: | 2014 |
| Format: | Aufsatz |
| Sprache: | Deutsch |
X
alg: 42653079
001A $03025:19-02-18
001B $01999:27-07-21 $t17:20:04.000
001C $03025:19-02-18 $t16:05:12.000
001D $03025:19-02-18
001U $0utf8
001X $00
002@ $0Oou
002C $aText $btxt $2rdacontent
002D $aComputermedien $bc $2rdamedia
002E $aOnline-Ressource $bcr $2rdacarrier
003@ $0426530799
007A $0426530799 $aHEB
009Q $uhttp://www.jstor.org/stable/43974247 $xH
010@ $ager
010E $erda
011@ $a2014
013D $#Newspapers Sections, columns, etc. Reviews $#Book reviewing $#Journaux Cahiers, chroniques, etc. Comptes rendus $#Livres Recension $#Rezension $#Buchbesprechung $#Buchrezension $#Buchkritik $74049712-4 $8Rezension [Ts1] $9085138568
021A $a[Hans Henning Hahn und Robert Traba (Hrsg.): Deutsch-Polnische Erinnerungsorte, Bd. 3: Parallelen. Paderborn u. a. 2012] $hWalter Koschmal
028A $BVerfasser $#Košmal, Valter $#Koschmal, W. $4aut $7131386158 $8Koschmal, Walter$Z1952- [Tp1] $9176370056
031A $d70 $e1 $h218-223 $j2014
039B $aEnthalten in $8--Obvc--. Zeitschrift für slavische Philologie. - Heidelberg : Winter, 1925-. - Online-Ressource. - ISSN 2509-7482 $x201400000700001782 $9359201768
039T $8--Afu--. Deutsch-polnische Erinnerungsorte ; 3. Parallelen. - Paderborn {[u.a.] : Schöningh, 2012. - 490 S.. - Ill., Kt.. - ISBN 978-3-506-77341-8 $9286029839
045F $a900.9438 $eDDC23BSB
045F/01 $a900
045F/03 $g438
045T $aSLAW $qDE-1a $2FID
lok: 42653079 78
exp: 42653079 78 1 #EPN
201B/01 $019-02-18 $t16:05:12.000
201C/01 $019-02-18
201U/01 $0utf8
203@/01 $01018300910
208@/01 $a19-02-18 $be
209A/01 $a/ $f000 $x00
209A/01 $ab*p $x01
220C/01 $apgar
244Z/01 $#Generalgouvernement Polen $#Polska $#Rzeczpospolita Polska $#Polska Rzeczpospolita Ludowa $#Poland $#Pologne $#République Polonaise $#Generalne Gubernatorstwo w Polsce $#Polish People's Republic $#Polska Rzeczpospolita Polen $#PRL $#RP $#Polen Generalgouvernement $#Polska Generalgouvernement $#Besetzte Polnische Gebiete $#Besetztes Gebiet in Polen $#Okupowane Polskie Obszary $#Obszary Okupowane w Polsce $#Volksrepublik Polen $#Polska Rosyjska $#Republic Polen $#Respublika Pol'ša $#Pol'skaja Narodnaja Respublika $#République de Pologne $#Polen Links der Weichsel $#Polska po Lewej Stronie Wisły $#Lenkija $#Polija $#Gubernija Carstva Pol'skago $#Republik Polen $74046496-9 $8--Tg1--Polen $x01 $9085129801
247C/01 $82080>Marburg/Lahn, Herder-Institut, Forschungsbibliothek, Bibliographieportal $9336309341
| LEADER | 00000caa a2200000 c 4500 | ||
|---|---|---|---|
| 001 | 426530799 | ||
| 003 | DE-603 | ||
| 005 | 20210727172004.0 | ||
| 007 | cr|||||||||||| | ||
| 008 | 180219s2014 xx |||| o| u00||u|ger c | ||
| 035 | |a (DE-599)HEB426530799 | ||
| 040 | |a DE-603 |b ger |c DE-603 |d DE-603 |e rda | ||
| 041 | |a ger | ||
| 082 | 0 | 4 | |8 1\u |a 900.9438 |q DE-101 |2 23/BSB |
| 084 | |a SLAW |q DE-1a |2 fid | ||
| 085 | |8 1\u |b 900 | ||
| 085 | |8 1\u |z 2 |s 438 | ||
| 100 | 1 | |a Koschmal, Walter |d 1952- |e Verfasser |4 aut |0 (DE-603)176370056 |0 (DE-588)131386158 |2 gnd | |
| 245 | 0 | 0 | |a [Hans Henning Hahn und Robert Traba (Hrsg.): Deutsch-Polnische Erinnerungsorte, Bd. 3: Parallelen. Paderborn u. a. 2012] |c Walter Koschmal |
| 264 | 0 | |c 2014 | |
| 336 | |a Text |b txt |2 rdacontent | ||
| 337 | |a Computermedien |b c |2 rdamedia | ||
| 338 | |a Online-Ressource |b cr |2 rdacarrier | ||
| 655 | 7 | |a Rezension |2 gnd-content |0 (DE-588)4049712-4 |0 (DE-603)085138568 | |
| 773 | 0 | 8 | |i Enthalten in |t Zeitschrift für slavische Philologie |d Heidelberg : Winter, 1925- |h Online-Ressource |x 2509-7482 |g Band 70, Heft 1 (2014), Seite 218-223 |w (DE-603)359201768 |w (DE-600)2821808-5 |
| 787 | 0 | 8 | |i Rezension von |t Deutsch-polnische Erinnerungsorte ; 3. Parallelen |d Paderborn [u.a.] : Schöningh, 2012 |h 490 S., Ill., Kt. |z 9783506773418 |w (DE-603)286029839 |
| 856 | |u http://www.jstor.org/stable/43974247 |x Verlag | ||
| 924 | 1 | |9 2080 |a (DE-603)1018300910 |b DE-2080 |c HES |d d |g / | |


